000
00471nam a2200181Ia 4500
008
090124s9999 xx 000 0 und d
082
_b
31708
100
_a
थोरे अशोक
245
_a
ईनामी
250
_a
1
260
_b
आशिष प्रकाशन
_c
1989
300
_a
197
600
_a
थोरे अशोक
630
_a
ईनामी
700
_a
थोरे अशोक
730
_a
ईनामी
942
_c
BOOK
999
_c
97747
_d
97747